000 01184nam a22002657a 4500
003 SEM
999 _c51081
_d51081
005 20220608071938.0
008 201124b ||||| |||| 00| 0 arm d
040 _aSEM
_cSEM
041 _aarm.
082 _a235.2:281.62/Մ-64
100 _aՄեսրովպ Երէց
245 _aՊատմութիւն Սրբոյն Ներսիսի Պարթեւի Հայոց Հայրապետի: /
_cՄեսրովպ Երէց
246 _a[Պատմություն Սրբույն Ներսիսի Պարթևի Հայոց Հայրապետի]: /
260 _aՎենետիկ:
_bտպ. Մխիթարեանց,
_c1853-
300 _aՀ.;
_c11 սմ
440 _aՍոփերք հայկականք
_nԶ:
_nԷ
505 _aՀ. Ա -
_g1853.- 147 էջ
505 _aՀ. Բ -
_g1853.- 80 էջ
600 0 _aՍ. Ներսես Ա. Պարթև
_d(353-373)
650 _aՀայ եկեղեցու գործիչ
856 _zՀ. Ա -
_uhttp://greenstone.flib.sci.am/gsdl/collect/haygirq/book/patmutyun_srboyn_a_index.html
_yԿարդալ առցանց
856 _zՀ. Բ -
_uhttp://greenstone.flib.sci.am/gsdl/collect/haygirq/book/patmutyun_srboyn_b_index.html
_yԿարդալ առցանց
942 _2ddc
_cBK